[Event "VIE-ch U13 Girls"]
[Site "Da Lat"]
[Date "2013.07.??"]
[Round "3"]
[White "Kieu, Bich Thuy"]
[Black "Nguyen Thi Mai, Chinh"]
[Result "1-0"]
[WhiteElo "1973"]
[BlackElo "1987"]
[PlyCount "65"]
[EventDate "2013.07.13"]
[EventType "swiss"]
[EventRounds "9"]
[EventCountry "VIE"]
[SourceTitle "EXT 2014"]
[Source "ChessBase"]
[SourceDate "2013.11.20"]
[SourceVersion "1"]
[SourceVersionDate "2013.11.20"]
[SourceQuality "1"]

1. e4 e5 2. Nf3 Nc6 3. Bc4 Bc5 4. c3 Nf6 5. d3 h6 6. 0-0 0-0 7. d4 exd4 8. cxd4 Bb4 9. a3 Ba5 10. e5 Nh7 11. Nc3 d6 12. Be3 Bg4 13. exd6 Qxd6 14. Be2 Rfe8 15. Qd3 Rad8 16. Rad1 Bb6 17. d5 Ne5 18. Nxe5 Bxe2 19. Nxf7 Bxd3 20. Nxd6 Bxf1 21. Nxe8 Bc4 22. Bxb6 cxb6 23. Nc7 Rd7 24. Ne6 Nf6 25. Nf4 g5 26. Ng6 Rd8 27. d6 Be6 28. Nb5 a6 29. Nc7 Bd7 30. f3 Ne8 31. Rd4 Bf5 32. Ne7+ Kf7 33. Nxf5 1-0

[Event "VIE-ch U13 Girls"]
[Site "Da Lat"]
[Date "2013.07.??"]
[Round "6"]
[White "Nguyen Thi Mai, Chinh"]
[Black "Nguyen, Bui Thu Trang"]
[Result "1/2-1/2"]
[WhiteElo "1987"]
[BlackElo "1971"]
[PlyCount "56"]
[EventDate "2013.07.13"]
[EventType "swiss"]
[EventRounds "9"]
[EventCountry "VIE"]
[SourceTitle "EXT 2014"]
[Source "ChessBase"]
[SourceDate "2013.11.20"]
[SourceVersion "1"]
[SourceVersionDate "2013.11.20"]
[SourceQuality "1"]

1. e4 e5 2. Nf3 Nc6 3. Bc4 Bc5 4. c3 Nf6 5. d4 exd4 6. cxd4 Bb4+ 7. Bd2 Bxd2+ 8. Nbxd2 d5 9. exd5 Nxd5 10. 0-0 0-0 11. Re1 Nf6 12. Nb3 Bf5 13. h3 h6 14. Nh4 Bh7 15. Bd3 Bxd3 16. Qxd3 Nd5 17. Qg3 Ndb4 18. Red1 Re8 19. a3 Nc2 20. Rac1 N2xd4 21. Nxd4 Nxd4 22. Qg4 Ne2+ 23. Kh2 Qe7 24. Re1 Qd6+ 25. Kh1 Nd4 26. Red1 c5 27. b4 Qf6 28. Rxc5 Rad8 1/2-1/2

[Event "VIE-ch U13 Girls"]
[Site "Da Lat"]
[Date "2013.07.??"]
[Round "1"]
[White "Vo, Mai Truc"]
[Black "Nguyen Thi Mai, Chinh"]
[Result "1-0"]
[WhiteElo "1969"]
[BlackElo "1987"]
[PlyCount "91"]
[EventDate "2013.07.13"]
[EventType "swiss"]
[EventRounds "9"]
[EventCountry "VIE"]
[SourceTitle "EXT 2014"]
[Source "ChessBase"]
[SourceDate "2013.11.20"]
[SourceVersion "1"]
[SourceVersionDate "2013.11.20"]
[SourceQuality "1"]

1. e4 e5 2. Nf3 Nc6 3. Bc4 Bc5 4. c3 Nf6 5. d4 exd4 6. e5 Ng8 7. cxd4 Bb4+ 8. Bd2 Bxd2+ 9. Nbxd2 d6 10. 0-0 Nge7 11. Re1 0-0 12. h3 Re8 13. Qb3 d5 14. Bd3 Rb8 15. Qc2 h6 16. a3 Be6 17. Nb3 Qd7 18. Nc5 Qc8 19. Nxe6 Qxe6 20. Rac1 Rbc8 21. Bb5 a6 22. Bxc6 Nxc6 23. Qb3 Rb8 24. Rc5 Red8 25. Qe3 Rdc8 26. Rec1 Qd7 27. Qc3 Qe6 28. Qb3 Rd8 29. Qd3 Rd7 30. Qb3 Rdd8 31. R1c2 Qd7 32. Qe3 Qe6 33. Nd2 Rd7 34. Nb3 Qe7 35. Qf3 Rbd8 36. R5c3 Rc8 37. Qg4 Rdd8 38. Nc5 Rb8 39. Rg3 g6 40. e6 Kh7 41. Re2 Re8 42. Nd7 Ra8 43. exf7 Qxf7 44. Rf3 Qg7 45. Nf6+ Kh8 46. Rxe8+ 1-0